000 00623nam a2200193Ia 4500
005 20250508164947.0
008 008 250505s9999 xx 000 0 eng d
037 _aDissertations
040 _aFEDL
_beng
_cFEDL
041 _aeng
_2eng
084 _a371.96, VAR/DI
_qFEDL
100 _aVarshney Priyanka
_9550183
245 0 _aExploratory study of the education of children of construction workers : Parental aspirations and the challenges faced
260 _c2010
300 _a86p.
546 _aM.Ed. Dissertation (Delhi University)
942 _cDIS
_h371.96, VAR/DI
999 _c1392291
_d1392291